Bestiario /

Guardado en:
Autor Principal: Cortázar, Julio
Formato: Libro
Publicado: Buenos Aires : Alfaguara, 2014
Series:Biblioteca Cortázar
Materias:
Etiquetas: Agregar Etiqueta
Sin Etiquetas, Sea el primero en etiquetar este registro!
LEADER 01012nam a22002655a 4500
001 CEM.cems018332
005 20140718122227.0
008 130507s2014##################000#0#####d
003 CEMS
020 |a 9789870433620 
082 0 4 |a A868.4 
100 1 |a Cortázar, Julio 
245 1 0 |a Bestiario /  |c Julio Cortázar 
260 |a Buenos Aires :  |b Alfaguara,  |c 2014 
300 |a 136 p. 
490 0 |a Biblioteca Cortázar 
500 |a Primer libro de cuentos publicado por Cortázar. Estos cuentos, que hablan de objetos y hechos cotidianos, pasan a la dimensión de la pesadilla o de la revelación de un modo natural e imperceptible. 
505 0 |a Casa tomada -- Carta a una señorita en París -- Lejana -- Omnibus -- Cefalea -- Circe -- Las puertas del cielo -- Bestiario 
653 |a Literatura 
653 |a Literatura argentina 
653 |a Narrativa 
653 |a Narrativa argentina 
653 |a Cuentos 
653 |a Cuento argentino 
859 |a CEMS  |b BIB. CEMS - Agricultura  |h A868.4  |i C891-4  |p A2167.14  |t Ej.1